MARC

LEADER 00000nam0a2200000 4500
001 14183
005 20231101204931.0
010 |a 5090089558 
035 |a (RuTPU)RU\TPU\book\14272 
035 |a BOOK00000013 
090 |a 14183 
100 |a 20011209d2000 m y0rusy50 ca 
101 0 |a rus 
102 |a RU 
105 |a y z 000zy 
200 1 |a Наркомания: дорога в бездну  |e Книга для учителей и родителей  |f В. Б. Альтшулер, А. В. Надеждин 
210 |a Москва  |c Просвещение  |d 2000 
215 |a 46 с. 
606 1 |a Медицинская психология  |2 stltpush  |3 (RuTPU)RU\TPU\subj\41796  |9 61576 
610 1 |a психология 
610 1 |a личность 
610 1 |a медицинская психология 
610 1 |a наркомания 
610 1 |a токсикомания 
610 1 |a подростки 
675 |a 613.8  |v 3 
686 |a Ю948  |2 rubbk 
700 1 |a Альтшулер  |b В. Б.  |g Владимир Борисович 
701 1 |a Надеждин  |b А. В.  |g Алексей Валентинович 
801 0 |a RU  |b 63413507  |c 20011209  |g PSBO 
801 2 |a RU  |b 63413507  |c 20170913  |g PSBO 
942 |c BK